Loading...
| Literature - American | 0 | 6 | 0 | 1 | 60 | 32 | 80.67 | 1 | 2 | 18.03 | 29.55 |
| Literature - British | 0 | 5 | 0 | 0 | 50 | 45 | 75.20 | 0 | 3 | 15.08 | 26.14 |
| Religion | 0 | 5 | 0 | 0 | 50 | 32 | 48.60 | 1 | 5 | 25.08 | 37.50 |
| Mythology | 0 | 5 | 0 | 1 | 50 | 53 | 74.60 | 1 | 3 | 16.01 | 25.00 |
| Literature - European | 0 | 5 | 1 | 0 | 45 | 35 | 85.00 | 1 | 1 | 11.18 | 22.73 |
| History - European | 0 | 4 | 0 | 0 | 40 | 31 | 42.50 | 2 | 3 | 22.86 | 28.41 |
| Fine Arts - Painting and Sculpture | 0 | 4 | 0 | 0 | 40 | 53 | 67.75 | 1 | 3 | 13.80 | 27.27 |
| Science - Biology | 0 | 3 | 0 | 1 | 30 | 54 | 73.00 | 0 | 0 | 7.11 | 11.36 |
| Literature - World | 0 | 4 | 2 | 0 | 30 | 22 | 54.00 | 2 | 3 | 18.79 | 27.27 |
| Social Science | 0 | 2 | 0 | 0 | 20 | 33 | 44.50 | 1 | 2 | 14.15 | 21.88 |
| Fine Arts - Other | 0 | 2 | 0 | 0 | 20 | 42 | 71.00 | 1 | 1 | 5.98 | 14.77 |
| History - World | 0 | 2 | 0 | 0 | 20 | 24 | 40.50 | 1 | 2 | 11.06 | 17.05 |
| Current Events | 0 | 1 | 0 | 1 | 10 | 99 | 99.00 | 0 | 0 | 2.29 | 9.38 |
| Science - Other | 0 | 1 | 0 | 1 | 10 | 110 | 110.00 | 0 | 0 | 0.00 | 1.14 |
| Science - Physics | 0 | 1 | 0 | 0 | 10 | 64 | 64.00 | 0 | 0 | 3.39 | 4.55 |
| Philosophy | 0 | 1 | 0 | 0 | 10 | 110 | 110.00 | 0 | 0 | 0.00 | 1.39 |
| Geography | 0 | 1 | 0 | 1 | 10 | 119 | 119.00 | 0 | 0 | 0.00 | 1.79 |
| Fine Arts - Classical Music | 0 | 2 | 2 | 0 | 10 | 54 | 82.00 | 0 | 1 | 4.46 | 9.09 |
| Science - Chemistry | 0 | 1 | 0 | 0 | 10 | 65 | 65.00 | 0 | 1 | 2.94 | 5.68 |
| History - American | 0 | 1 | 1 | 0 | 5 | 75 | 75.00 | 0 | 1 | 2.89 | 3.41 |
| History - Other | 0 | 1 | 1 | 1 | 5 | 115 | 115.00 | 0 | 0 | 0.08 | 1.14 |